[Event "Imperia Savona Province-ch"]
[Site "Alassio"]
[Date "2016.01.17"]
[Round "5"]
[White "Scarrone, Eugenio"]
[Black "Delucis, Mauro"]
[Result "1/2-1/2"]
[WhiteElo "1421"]
[BlackElo "1370"]
[PlyCount "142"]
[EventDate "2016.01.15"]
[EventType "swiss"]
[EventRounds "5"]
[EventCountry "ITA"]
[SourceTitle "EXT 2018"]
[Source "ChessBase"]
[SourceDate "2017.10.13"]
[SourceVersion "1"]
[SourceVersionDate "2017.10.13"]
[SourceQuality "1"]

1. e4 c6 2. d4 d5 3. exd5 cxd5 4. c4 Nf6 5. Nc3 Bf5 6. Bg5 Nbd7 7. cxd5 Qa5 8. Bd2 Nxd5 9. Qb3 Nxc3 10. Bxc3 Qc7 11. Bc4 e6 12. Nf3 Be7 13. Bb4 Bc2 14. Qc3 Bxb4 15. Qxb4 0-0-0 16. 0-0 h6 17. Rfc1 Qb6 18. Bb5 Qc7 19. a4 Kb8 20. Qd2 Rc8 21. Bxd7 Rcd8 22. Ne5 Rxd7 23. Nxd7+ Qxd7 24. Rxc2 Rd8 25. Rc4 e5 26. Rac1 exd4 27. Qf4+ Ka8 28. Qc7 a6 29. Qxd7 Rxd7 30. Rc7 Rd6 31. Kf1 d3 32. Ke1 d2+ 33. Kd1 dxc1Q+ 34. Kxc1 Rf6 35. f3 Rf4 36. a5 g5 37. Rc8+ Ka7 38. Rh8 Rh4 39. h3 h5 40. Rh7 f6 41. Kd2 Rb4 42. Kc3 Rh4 43. Rh6 f5 44. Rg6 g4 45. hxg4 hxg4 46. Rg5 gxf3 47. gxf3 Rf4 48. Rg3 b6 49. Rg7+ Kb8 50. axb6 Rxf3+ 51. Kc4 Rf1 52. Kd5 Rb1 53. Kc6 Rc1+ 54. Kd6 Rb1 55. Kc6 Rc1+ 56. Kd5 Rb1 57. Rg2 f4 58. Ke4 Kb7 59. Kxf4 Kxb6 60. Ke3 Kb5 61. Kd3 Kb4 62. Kc2 Ra1 63. Rg8 a5 64. Rb8+ Kc4 65. b3+ Kc5 66. Kb2 Rh1 67. Rb7 Rh2+ 68. Ka3 Rh1 69. Rf7 Rh3 70. Rf5+ Kb6 71. Rf1 Kb5 1/2-1/2